| 000 | 00652nmm a2200253 a 4500 | ||
|---|---|---|---|
| 003 | AR-Y00000XR | ||
| 005 | 20251128211840.0 | ||
| 008 | 157020s2006 ||||||||||||||000 | spa|| | ||
| 020 | _a950-515-151-9 | ||
| 040 | _cAR-Y00000XR | ||
| 100 | 1 | _aFontanarrosa, Roberto | |
| 245 | 1 | 0 |
_aLa mesa de los galanes _by otros cuentos |
| 250 | _a9ยช ed. | ||
| 260 |
_aBuenos Aires _bEdiciones de la Flor _c2006 |
||
| 300 | 0 | _a318 p. | |
| 650 | 4 | _aCUENTOS | |
| 650 | 4 | _aHUMOR LITERARIO | |
| 650 | 4 | _aLITERATURA CONTEMPORANEA | |
| 650 | 4 | _aLITERATURA POPULAR | |
| 653 | 0 | _aCUENTOS DE HUMOR | |
| 655 | _aLITERATURA | ||
| 942 | _cBK | ||
| 998 | _cmi-desc | ||
| 999 |
_c21381 _d21381 |
||